An introduction to object-oriented programming with Java
An Introduction to Object-Oriented Programming with Java provides an accessible and thorough introduction to the basics of programming in java. This much-anticipated revision continues its emphasis on object-oriented programming. Objects are used early so students begin thinking in an object-oriente...
Đã lưu trong:
| 主要作者: | |
|---|---|
| 格式: | 圖書 |
| 語言: | Undetermined |
| 出版: |
Boston
McGraw-Hill
2004
|
| 主題: | |
| 標簽: |
添加標簽
沒有標簽, 成為第一個標記此記錄!
|
| Thư viện lưu trữ: | Trung tâm Học liệu Trường Đại học Cần Thơ |
|---|
| LEADER | 00936nam a2200193Ia 4500 | ||
|---|---|---|---|
| 001 | CTU_108631 | ||
| 008 | 210402s9999 xx 000 0 und d | ||
| 082 | |a 005.133 | ||
| 082 | |b W959 | ||
| 100 | |a Wu, C. Thomas | ||
| 245 | 3 | |a An introduction to object-oriented programming with Java | |
| 245 | 0 | |c C. Thomas Wu | |
| 260 | |a Boston | ||
| 260 | |b McGraw-Hill | ||
| 260 | |c 2004 | ||
| 520 | |a An Introduction to Object-Oriented Programming with Java provides an accessible and thorough introduction to the basics of programming in java. This much-anticipated revision continues its emphasis on object-oriented programming. Objects are used early so students begin thinking in an object-oriented way, then later Wu teaches students to define their own classes. | ||
| 650 | |a Object-oriented programming (computer science),Java (computer program language) | ||
| 904 | |i M.Loan | ||
| 980 | |a Trung tâm Học liệu Trường Đại học Cần Thơ | ||